Autotransporte Federal y Local

Bibliographic Details
Main Author: Luna Guerra, Antonio
Format: eBook
Language:Spanish
Published: Mx̌ico D.F.: Ediciones Fiscales ISEF, 2015
Subjects:
Online Access:Acceso restringido

MARC

LEADER 00000nam a22000007a 4500
005 2015020202172.0
007 cr|||| ||||
008 150202s2015 mx |||||s|||| 00||0 spa d
020 |a 978-368-726-861-1 
035 |a 12586 
040 |a vLex 
090 |c 5340  |d 5340 
100 1 |a Luna Guerra, Antonio 
245 1 0 |a Autotransporte Federal y Local  |h [Recurso electrn̤ico] /  |c Antonio Luna Guerra 
256 |a Servicio en ln̕ea 
260 |a Mx̌ico D.F.:  |b Ediciones Fiscales ISEF,  |c 2015 
300 |a 1 recurso electrn̤ico 
506 1 |a Contenido disponible en los productos indicados  |d vLex Global  |d vLex Global (Academic Edition, excluding Law Schools)  |d vLex Global (U.S. Academic Edition, Law Schools)  |d vLex Global (U.S. Academic Edition, excluding Law Schools)  |d vLex Global (Academic Edition, Law Schools) 
650 0 4 |a Derecho fiscal  |z Mx̌ico 
650 0 4 |a Transporte  |z Mx̌ico 
740 0 |a vLex Libros (Servicio en ln̕ea) 
856 4 0 |u http://vlex.com/source/autotransporte-federal-local-12586  |z Acceso restringido 
942 |c BOOK 
999 0 |a Taxation 
999 0 |a Transportation